LIBRARY & INFORMATION CENTRE, KCAET, TAVANUR

ONLINE PUBLIC ACCESS CATALOGUE (OPAC)

Library computerisation in India / (Record no. 5585)

MARC details
000 -LEADER
fixed length control field 00488cam a2200193ua 4500
041 ## - LANGUAGE CODE
Language code of text/sound track or separate title eng
082 ## - DEWEY DECIMAL CLASSIFICATION NUMBER
Classification number 020
Item number DEV/LI
100 ## - MAIN ENTRY--AUTHOR NAME
Personal name Devarajan, G .
245 ## - TITLE STATEMENT
Title Library computerisation in India /
250 ## - EDITION STATEMENT
Edition statement 1 /
260 ## - PUBLICATION, DISTRIBUTION, ETC. (IMPRINT)
Place of publication New Delhi :
Name of publisher Ess Ess Publications ,
Year of publication 1990.
300 ## - PHYSICAL DESCRIPTION
Number of Pages 161 ;
Accompanying material CD ROM.
700 1# - ADDED ENTRY--PERSONAL NAME
Personal name Rahelamma, A V .
942 ## - ADDED ENTRY ELEMENTS (KOHA)
Koha item type Books
Holdings
Withdrawn status Lost status Damaged status Home library Current library Date acquired Full call number Accession Number Koha item type
      KAUAET KAUAET 07/04/2012 020 19351 Reference
free website counter